00875 2200301 4500001002100000005001500021035002000036007000300056008004100059020002200100040002200122082001600144084001800160090002200178090002200200100003100222245007600253250003400329300002800363650003000391850001200421041000800433264003600441336002100477337003000498338002300528990002200551INLIS00000000084846120190619093553 a0010-0619000416ta190619 2018 yoi g 0 j ind d a978-602-475-615-4 aYOPDYOGbinderda04223a808.301 a808.301 SUP k aDEP 808.301 SUP k aCB-D.11 2018-27810 aSuprihadi,d1964-epenulis10aKumpulan cerita pendek cerita di balik lirik lagu /cpenulis, Suprihadi aCetakan Pertama: Agustus 2018 ax, 106 halaman ;c21 cm 4aCerita pendek--vKumpulan aYOPDYOG0 aind31aYogyakarta :bDeepublish,c2018 2rdacontentateks 2rdamediaatanpa perantara 2rdacarrieravolume aCB-D.11/2018-2781